01683cam a22003857a 4500003000500000005001700005008004100022010001000063011001000073035001100083040000900094090001000103100004500113245019700158260004100355300002000396502010900416590003700525590004100562590004100603590004100644590004200685650002800727650003100755650004500786650003500831901000700866905001800873942000900891949005000900949006300950999001701013952014001030952012701170CHAP20220329142943.0050415d2005 mx r 00110 spa d a90071 a91043 a101601 cCHAP aTesis00aRaya Sánchez, Ramiro Christian.99481710aIdentificación y control de las pudriciones de raíz y cuello de la nochebuena (Euphorbia pulcherrima willd. ex klotzsch.) en Xochimilco, D.F. Méxicoc/por Ramiro Christian Raya Sánchez aChapingo, Méx. :bEl autor,c2005. a62 h. : cuadros aTesis (Ing. Agr. Esp. en Parasitología Agrícola) -- UACH. Departamento de Parasitología Agrícola aALEPHb10c20130110lUCH01h1505 aBATCH-UPDb10c20130110lUCH01h1435 aBATCH-UPDb10c20130410lUCH01h0910 aBATCH-UPDb10c20130914lUCH01h1415 aCONVERSIONb10c20130109lUCH01h135014aFitopatología.94116114aFlor de nochebuena.94130414aFlor de nochebuenaxEnfermedades.94130814aRaícesxEnfermedades.994673 aBK aElisama A. H. cFOLL aTesisbBCcTESd101601eTS1h43642i101601sb aTesisbBCcTESd33724000928289eTS2fc.2h43643i101601si c90071d90071 00102local4053708TESISaBCbBCcPA_TESISd2019-12-31fTESISl0oTesisp33724000928289r2019-12-31 00:00:00tc.2w2019-12-31yTESIS 00102local4051708TESISaBCbBCcPA_TESISd2019-12-31fTESISl0oTesisp101601r2019-12-31 00:00:00w2019-12-31yTESIS